000 00646nam a2200229Ia 4500
003 OSt
005 20221007080708.0
006 a|||||r|||| 00| 0
007 ta
008 221006b |||||||| |||| 00| 0 eng d
024 _a28,448
037 _cTextual
040 _aFLL
_cFLL
_beng
041 _2eng
_aeng
082 _aZ73:881, K6;1
100 _aNorth Arthur A.
_9695267
245 0 _aSupreme Court
_b judicial process and judicial politics
260 _aNew York
_bAppleton-Century-Crofts New
_c1966
300 _aix,221p
_ccm.
942 _hZ73:881, K6;1
_cTEXL
_2CC
999 _c1160568
_d1160568